Detalles MARC
| 000 -LIDER |
| fixed length control field |
01657nam a2200253 a 4500 |
| 001 - NÚMERO DE CONTROL |
| Identificador de número de control |
000036857 |
| 003 - IDENTIFICACDOR DE NÚMERO DE CONTROL |
| control field |
DO-SdBNP |
| 005 - DATE AND TIME OF LATEST TRANSACTION |
| control field |
20180216104823.0 |
| 007 - CAMPOS FIJOS DE DESCRIPCIÓN FÍSICA |
| fixed length control field |
000036857 |
| 008 - ELEMENTOS DE LONGITUD FIJA |
| fixed length control field |
120202s2011 dr ac 000 0 spa d |
| 020 ## - ISBN |
| International Standard Book Number |
9789945164626 |
| 040 ## - FUENTE DE CATALOGACIÓN |
| Agencia que crea de manera original el registro |
BPMSU |
| Idioma de catalogación |
spa |
| Agencia que realiza la transcripción |
BPMSU |
| 092 ## - LOCALLY ASSIGNED DEWEY DECIMAL CALL NUMBER |
| Número de clasificación |
xxxx |
| Número de ítem (Cutter) |
V335f |
| 100 1# - ASIENTO PRINCIPAL -- NOMBRE PERSONAL |
| Nombre personal |
Vásquez Rondón, Ruddy A., |
| Fechas asociadas con el nombre |
1933- |
| 245 10 - MENCIÓN DE TITULO |
| Título |
Familia Rondón raíces y recuerdos. / |
| Mención de responsabilidad |
Ruddy A. Vásquez Rondón; prólogo Ponciano Rondón Sánchez. |
| 260 ## - PUBLICACIÓN, DISTRIBUCIÓN, ETC. (PIE DE IMPRENTA) |
| Lugar de publicación, distribución, etc |
Santo Domingo : |
| Nombre del editor, distribuidor, etc. |
Editora Búho, |
| Fecha de publicación, distribución, etc |
2011. |
| 300 ## - DESCRIPCIÓN FÍSICA |
| Extensión |
153 p. : |
| Otros detalles físicos |
il., retr. ; |
| Dimensiones |
24 cm. |
| 500 ## - NOTA GENERAL |
| Nota general |
Incluye datos biográficos del autor en la solapa de la cubierta |
| 505 ## - NOTA DE CONTENIDO |
| Título |
Historia y heráldica del apellido Rondón en España -- |
| -- |
Primera familia Rondón Leonardo -- |
| -- |
Familia Vilorio -- |
| -- |
El primogenito -- |
| -- |
Don Eliseo Rondón Vilorio (Eliso) -- |
| -- |
Don Vinicio Rondón Vilorio (Venero) -- |
| -- |
Doña Marcelina Rondón Vilorio -- |
| -- |
Don Porfirio Víctor Rondón -- |
| -- |
Doña Antelia Rondón Vilorio -- |
| -- |
Familia Vásquez Rondón -- |
| -- |
Profesor Pilar Rondón Vilorio -- |
| -- |
Doña Vitalia Rondón Vilorio -- |
| -- |
Doña Luz María Rodón Vilorio -- |
| -- |
Don Demetrio Rondón Vilorio -- |
| -- |
2da. Familia Rondón Leonardo (Machín) |
| -- |
Procedentes -- |
| -- |
La época |
| -- |
Municipio de Hato Mayor del Rey -- |
| -- |
Geografía -- |
| -- |
Hato Mayor en la Independencia Nacional -- |
| -- |
Hato MAyor y la República -- |
| -- |
Presidencia y muerte de Pedro Guillermo, el Caudillo de Hato Mayor -- |
| -- |
Próceres de Hato Mayor -- |
| -- |
Hato Mayor y la cultura -- |
| -- |
Ídice por nombre. |
| 700 1# - ASIENTO SECUNDARIO -- NOMBRE PERSONAL |
| Nombre personal |
Rondón Sánchez, Ponciano |
| 942 ## - ADDED ENTRY ELEMENTS (KOHA) |
| Source of classification or shelving scheme |
Dewey Decimal Classification |
| Koha item type |
Libros |
| 945 ## - INFORMACIÓN DE PROCESAMIENTO LOCAL |
| Información de procesamiento local |
Inventariado / 2018 VM |
| 956 ## - LOCAL ELECTRONIC LOCATION AND ACCESS (OCLC) |
| Nombre de host |
VMATEO |
| Número de acceso |
10 |
| Información de compresión |
20150731 |
| Inicio de sesión |
BPMSU |
| Procesador de solicitud |
00151 |